Missing Word: Jake Gyllenhaal Quiz Stats

 Plays Quiz Updated Jul 5, 2019

Support Sporcle.
Go Orange.
Score 0/18 Timer 03:00
0 Plays Today
Movie Missing Word % Correct
The ___ After TomorrowDay
97.3%
Brokeback ________Mountain
96.7%
____ SlickersCity
86.1%
______ DarkoDonnie
80.9%
Love and _____ DrugsOther
80%
Spider-Man: Far From ____Home
76.8%
Prince of Persia: The _____ of TimeSands
64.4%
October ___Sky
57.9%
Nocturnal _______Animals
44.8%
Movie Missing Word % Correct
______ CodeSource
37.4%
______ BoyBubble
28%
______ BuzzsawVelvet
27.6%
The ____ GirlGood
26.4%
Accidental ____Love
25.2%
Moonlight ____Mile
11.2%
Lovely and _______Amazing
8.2%
A Dangerous _____Woman
7.2%
____ and S.A.M.Josh
6%

Today's Daily Dose

You're not logged in!

Compare scores with friends on all Sporcle quizzes.
OR
Log In

From the Vault

'N' State Abbreviations

by mg10

We're going to guess Ohio's abbreviation doesn't have an 'N' in it.
Remove Ads.
Support Sporcle.
Get the best of Sporcle when you Go Orange. This ad-free experience offers more features, more stats, and more fun while also helping to support Sporcle. Thank you for becoming a member.

Show Comments

Extras

Top Quizzes Today


Score Distribution

Your Account Isn't Verified!

In order to create a playlist on Sporcle, you need to verify the email address you used during registration. Go to your Sporcle Settings to finish the process.

Report this User

Report this user for behavior that violates our Community Guidelines.

Details: